Statistics for Canada Geography

Click here to take the quiz!

General Stats

  • This quiz has been taken 34,091 times
  • The average score is 12 of 20

Answer Stats

QuestionAnswer% Correct
What is the capital of Canada?Ottawa
98%
What is Canada's most populous city?Toronto
97%
What is Canada's smallest province?Prince Edward Island
84%
What bay touches Quebec, Ontario, Manitoba, and Nunavut?Hudson Bay
83%
What is the collective name of Horseshoe Falls, American Falls, and Bridal Veil Falls?Niagara Falls
79%
What group of people tried to colonize Newfoundland around the year 1000 A.D.?Vikings
72%
What U.S. city can be reached by driving north from Windsor, Ontario?Detroit
68%
What city hosts a "Stampede" every year?Calgary
65%
What is the capital of British Columbia?Victoria
63%
What is Canada's largest island?Baffin
59%
What seaway connects the Great Lakes to the Atlantic Ocean?St. Lawrence Seaway
57%
What is Canada's oldest National Park?Banff
55%
What are the two biggest lakes that are located entirely within Canada?Great {Bear} Lake
53%
What is the collective name of Alberta, Saskatchewan, and Manitoba?The {Prairie} Provinces
48%
What are the two biggest lakes that are located entirely within Canada?Great {Slave} Lake
45%
What bay is famous for having some of the world's largest tides?Bay of Fundy
42%
What famous ski resort is located about 120 kilometers north of Vancouver?Whistler
39%
What is the name of rocky region that spans most of eastern Canada?Canadian {Shield}
28%
What is the tallest mountain in Canada?Mount Logan
24%
What is the name of the formerly rich fishing grounds off the island of Newfoundland?{Grand} Banks
20%

Score Distribution

Percentile by Number Answered

Percent of People with Each Score

Your Score History

You have not taken this quiz